| 000 | 00433nam a22001817a 4500 | ||
|---|---|---|---|
| 003 | LK-CoDNM | ||
| 005 | 20250115142232.0 | ||
| 008 | 250115b |||||||| |||| 00| 0 eng d | ||
| 040 |
_aLK-CoDNM _dLK-CoDNM _eLK-CoDNM |
||
| 041 | _aeng | ||
| 080 |
_a9 _bAA9 |
||
| 100 | _amattew william diller | ||
| 245 | _aClimate and evolution | ||
| 260 | _c1939 | ||
| 300 | _a223p. : ill . map ; 25 cm | ||
| 650 | _aScience | ||
| 942 | _cBK | ||
| 999 |
_c236377 _d236377 |
||